Etické výzvy podnikania v podmienkach globalizácie

Význam etiky v meniacich sa podmienkach medzinárodného podnikateľského prostredia.Nevyhnutnosť riešenia morálnych výziev, ktoré so sebou prináša globalizácia.

Guardado en:
Detalles Bibliográficos
Autor principal: Škorvagová, Simona
Formato: Capítulo de libro
Lenguaje:eslovaco
Materias:
Etiquetas: Agregar Etiqueta
Sin Etiquetas, Sea el primero en etiquetar este registro!

MARC

LEADER 00000nla$a2200000$$$4500
001 0124980
005 20240502072423.8
041 0 |a slo 
044 |a SK 
245 1 0 |a Etické výzvy podnikania v podmienkach globalizácie  |c Simona Škorvagová 
520 |a Význam etiky v meniacich sa podmienkach medzinárodného podnikateľského prostredia.Nevyhnutnosť riešenia morálnych výziev, ktoré so sebou prináša globalizácia. 
610 2 0 |a podnikanie 
610 2 0 |a podnikanie medzinárodné 
610 2 0 |a etika 
610 2 0 |a zodpovednosť 
610 2 0 |a globalizácia 
100 1 |a Škorvagová, Simona